000 00633nam a2200253 a 4500
001 nice12345678
003 IN_TiNIC
005 20260116014946.0
008 050524s1987 dela grp 000 0 eng
020 _a0670538
_c125
082 0 0 _a333
_bWEB
100 _aWeber, Thomas
245 _aHugging the Trees
_b the Story of the Chipko Movement
260 _aDelhi
_bPenguin Books
_c1987
300 _a175p
500 _aincludes index and biblioraphy
505 2 _aIndex
650 _aLand Economics
650 _aChipko Movement
700 1 _aWeber, Thomas
902 _bSRS
942 _cBK
999 _c17719
_d17719